000 00681nam a22001817a 4500
999 _c61909
_d61909
003 Ge_BSU
005 20240607103851.0
008 240607s1997 ge ||||| |||| 00| 0 geo d
041 _ageo
080 _a61:1(042.4) ვ-30
100 _aვეკუა, გიორგი
_922350
245 _aმედიცინის ფილოსოფია :
_b(ლექციების მოკლე კურსი) /
_cგიორგი ვეკუა.
264 _aთბ.,
_c1997.
300 _a104 გვ. ;
_b20 სმ.
653 _aმედიცინის ფილოსოფია
653 _aლექციების კურსი.
942 _2udc
_cBK